000 01726nam a2200505 i 4500
001 3066
003 KOSZ 005
005 20201215105620.0
008 981103s1985 pl a f f |000 0 pol
015 _aUWD 1986/968
020 _a8301060379
035 _a991007539439705066
035 _a(PL-WaBN)b11955582-48omnis_nlop
035 _ab11955582
035 _a(OCoLC)835891267
035 _a(PL)b0000001195558
035 _a(EXLNZ-48OMNIS_NETWORK)9910131174705606
040 _aWA N
_cWA N
_dKOSZ 005/HR
041 0 _apol
046 _k1985
080 _a543
080 _a(075.8)
100 1 _aSzczepaniak, Walenty
_eAutor
245 1 0 _aMetody instrumentalne w analizie chemicznej :
_b[skrypt dla studentów wydziałów chemicznych uniwersytetów i wyższych szkół pedagogicznych] /
_cWalenty Szczepaniak.
250 _aWyd. 2 zm.
260 _aWarszawa ;
_aŁódź :
_bPańst. Wydaw. Naukowe,
_c1985.
300 _a557, [2] s., [1] k. tabl. :
_bil., rys., wykr. ;
_c24 cm.
336 _aTekst
_btxt
_2rdacontent
337 _aBez urządzenia pośredniczącego
_bn
_2rdamedia
338 _aWolumin
_bnc
_2rdacarrier
380 _aKsiążki
380 _aPublikacje dydaktyczne
385 _mPoziom nauczania
_aSzkoły wyższe
388 _a1901-2000
388 _a1945-1989
504 _aBibliogr. s. 555-557.
650 7 _aChemia analityczna
_2DBN
650 7 _aAnaliza chemiczna
655 7 _aPodręczniki akademickie
_2DBN
658 _aChemia
710 2 _aPaństwowe Wydawnictwo Naukowe
_4pbl
856 _uhttp://koha.tu.koszalin.pl/cgi-bin/koha/opac-detail.pl?biblionumber=3066
_yKatalog online BPK
942 _2UKD
_cKS
999 _c3066
_d3066